| 000 | 01062cam a22003373a 4500 | ||
|---|---|---|---|
| 001 | 1118 | ||
| 005 | 20230815111533.0 | ||
| 008 | 030326s2003 nyua j 000 1 eng d | ||
| 020 | _a0439353696 (pbk.) : | ||
| 020 | _a9780439353694 | ||
| 040 |
_aOCO _cOCO _dDLC _beng |
||
| 050 | 0 | 0 | _aPZ7.M47396 |
| 082 | _aFic | ||
| 100 | 1 | _aMazer, Anne | |
| 245 | 1 | 0 |
_aEverything new under the sun / _cAnne Mazer |
| 260 |
_aNew York : _bScholastic, _c2003. |
||
| 300 |
_a105 pages : _billustrations ; _c20 cm |
||
| 490 | 1 | _aAmazing days of Abby Hayes ; | |
| 500 | _a"An Apple paperback." | ||
| 505 | _aK | ||
| 520 | _aAbby's best friend Jessica is gone for several months, and nothing goes right. | ||
| 521 |
_a510
_bLexile |
||
| 521 |
_aK
_bRaz-Plus |
||
| 650 | 0 |
_aDiaries _vJuvenile fiction. |
|
| 650 | 0 |
_aGirls _vDiaries _vJuvenile fiction. |
|
| 650 | 0 |
_aBest friends _vJuvenile fiction. |
|
| 655 | 7 |
_aChildren's stories. _2lcsh |
|
| 655 | 7 |
_aDomestic fiction. _2lcsh |
|
| 906 |
_a7 _bcbc _ccopycat _d2 _encip _f20 _gy-genrareb |
||
| 942 |
_2ddc _cBK _n0 |
||
| 999 |
_c1118 _d1118 |
||